000 00364nam a2200157Ia 4500
003 OSt
005 20240201164721.0
008 170524s9999 xx 000 0 und d
020 _a0074624563
040 _cIIMT ENGINEERING COLLEGE
100 _aTaub Herbert
245 0 _aPrinciples of Communication System
260 _bTMH
260 _c2008
942 _2ddc
_c02
999 _c5026
_d5026